Statistics for Countries, Capitals

Click here to take the quiz!

General Stats

  • This quiz has been taken 14 times
  • The average score is 325 of 392

Answer Stats

CountryAnswer TypeAnswer% Correct
AlbaniaCountryAlbania
100%
AlgeriaCountryAlgeria
100%
AndorraCountryAndorra
100%
AngolaCountryAngola
100%
Antigua and BarbudaCountryAntigua and Barbuda
100%
ArmeniaCountryArmenia
100%
AustraliaCountryAustralia
100%
AustriaCountryAustria
100%
AzerbaijanCountryAzerbaijan
100%
BahrainCountryBahrain
100%
BangladeshCountryBangladesh
100%
BarbadosCountryBarbados
100%
ChinaCapital CityBeijing
100%
BelgiumCountryBelgium
100%
BelizeCountryBelize
100%
BeninCountryBenin
100%
BhutanCountryBhutan
100%
BoliviaCountryBolivia
100%
Bosnia and HerzegovinaCountryBosnia and Herzegovina
100%
BrazilCountryBrazil
100%
BruneiCountryBrunei
100%
BelgiumCapital CityBrussels
100%
BurundiCountryBurundi
100%
EgyptCapital CityCairo
100%
CambodiaCountryCambodia
100%
CameroonCountryCameroon
100%
CanadaCountryCanada
100%
Cape VerdeCountryCape Verde
100%
ChadCountryChad
100%
ChileCountryChile
100%
ChinaCountryChina
100%
ColombiaCountryColombia
100%
ComorosCountryComoros
100%
DenmarkCapital CityCopenhagen
100%
Costa RicaCountryCosta Rica
100%
Czech RepublicCountryCzech Republic
100%
Dem. Rep. of the CongoCountryDem. Rep. of the Congo
100%
DenmarkCountryDenmark
100%
DjiboutiCapital City | CountryDjibouti
100%
DominicaCountryDominica
100%
Dominican RepublicCountryDominican Republic
100%
EgyptCountryEgypt
100%
Equatorial GuineaCountryEquatorial Guinea
100%
EritreaCountryEritrea
100%
EstoniaCountryEstonia
100%
EswatiniCountryEswatini
100%
EthiopiaCountryEthiopia
100%
HaitiCountryHaiti
100%
HondurasCountryHonduras
100%
CanadaCapital CityOttawa
100%
Czech RepublicCapital CityPrague
100%
Republic of the CongoCountryRepublic of the Congo
100%
Bosnia and HerzegovinaCapital CitySarajevo
100%
AustriaCapital CityVienna
100%
EthiopiaCapital CityAddis Ababa
88%
AfghanistanCountryAfghanistan
88%
AlgeriaCapital CityAlgiers
88%
NetherlandsCapital CityAmsterdam
88%
AndorraCapital CityAndorra la Vella
88%
ArgentinaCountryArgentina
88%
GreeceCapital CityAthens
88%
IraqCapital CityBaghdad
88%
BahamasCountryBahamas
88%
AzerbaijanCapital CityBaku
88%
ThailandCapital CityBangkok
88%
BelarusCountryBelarus
88%
SerbiaCapital CityBelgrade
88%
GermanyCapital CityBerlin
88%
SwitzerlandCapital CityBern
88%
ColombiaCapital CityBogotá
88%
BrazilCapital CityBrasília
88%
Republic of the CongoCapital CityBrazzaville
88%
BarbadosCapital CityBridgetown
88%
HungaryCapital CityBudapest
88%
ArgentinaCapital CityBuenos Aires
88%
Burkina FasoCountryBurkina Faso
88%
AustraliaCapital CityCanberra
88%
VenezuelaCapital CityCaracas
88%
Central African RepublicCountryCentral African Republic
88%
CroatiaCountryCroatia
88%
CubaCountryCuba
88%
CyprusCountryCyprus
88%
East TimorCountryEast Timor
88%
EcuadorCountryEcuador
88%
El SalvadorCountryEl Salvador
88%
Fed. States of MicronesiaCountryFed. States of Micronesia
88%
FijiCountryFiji
88%
FinlandCountryFinland
88%
FranceCountryFrance
88%
GabonCountryGabon
88%
GambiaCountryGambia
88%
GeorgiaCountryGeorgia
88%
GermanyCountryGermany
88%
GhanaCountryGhana
88%
GreeceCountryGreece
88%
GrenadaCountryGrenada
88%
GuineaCountryGuinea
88%
Guinea-BissauCountryGuinea-Bissau
88%
GuyanaCountryGuyana
88%
CubaCapital CityHavana
88%
FinlandCapital CityHelsinki
88%
HungaryCountryHungary
88%
IcelandCountryIceland
88%
IndiaCountryIndia
88%
IndonesiaCountryIndonesia
88%
IranCountryIran
88%
IraqCountryIraq
88%
IrelandCountryIreland
88%
IsraelCountryIsrael
88%
ItalyCountryItaly
88%
Ivory CoastCountryIvory Coast
88%
IndonesiaCapital CityJakarta
88%
JamaicaCountryJamaica
88%
JapanCountryJapan
88%
IsraelCapital CityJerusalem
88%
JordanCountryJordan
88%
AfghanistanCapital CityKabul
88%
KazakhstanCountryKazakhstan
88%
KenyaCountryKenya
88%
Dem. Rep. of the CongoCapital CityKinshasa
88%
KiribatiCountryKiribati
88%
KosovoCountryKosovo
88%
KuwaitCountryKuwait
88%
KuwaitCapital CityKuwait City
88%
UkraineCapital CityKyiv
88%
KyrgyzstanCountryKyrgyzstan
88%
LaosCountryLaos
88%
LatviaCountryLatvia
88%
LebanonCountryLebanon
88%
LesothoCountryLesotho
88%
LiberiaCountryLiberia
88%
LibyaCountryLibya
88%
LiechtensteinCountryLiechtenstein
88%
PeruCapital CityLima
88%
PortugalCapital CityLisbon
88%
LithuaniaCountryLithuania
88%
United KingdomCapital CityLondon
88%
AngolaCapital CityLuanda
88%
LuxembourgCapital City | CountryLuxembourg
88%
MadagascarCountryMadagascar
88%
SpainCapital CityMadrid
88%
MalawiCountryMalawi
88%
MaldivesCountryMaldives
88%
MaliCountryMali
88%
MaltaCountryMalta
88%
PhilippinesCapital CityManila
88%
Marshall IslandsCountryMarshall Islands
88%
MauritaniaCountryMauritania
88%
MauritiusCountryMauritius
88%
MexicoCountryMexico
88%
MexicoCapital CityMexico City
88%
MoldovaCountryMoldova
88%
MonacoCapital City | CountryMonaco
88%
MongoliaCountryMongolia
88%
MontenegroCountryMontenegro
88%
MoroccoCountryMorocco
88%
RussiaCapital CityMoscow
88%
MozambiqueCountryMozambique
88%
MyanmarCountryMyanmar
88%
NamibiaCountryNamibia
88%
BahamasCapital CityNassau
88%
NauruCountryNauru
88%
ChadCapital CityN'Djamena
88%
NepalCountryNepal
88%
NetherlandsCountryNetherlands
88%
IndiaCapital CityNew Delhi
88%
New ZealandCountryNew Zealand
88%
NicaraguaCountryNicaragua
88%
NigerCountryNiger
88%
NigeriaCountryNigeria
88%
North KoreaCountryNorth Korea
88%
North MacedoniaCountryNorth Macedonia
88%
NorwayCountryNorway
88%
OmanCountryOman
88%
NorwayCapital CityOslo
88%
PakistanCountryPakistan
88%
PalauCountryPalau
88%
PanamaCountryPanama
88%
PanamaCapital CityPanama City
88%
Papua New GuineaCountryPapua New Guinea
88%
ParaguayCountryParaguay
88%
FranceCapital CityParis
88%
PeruCountryPeru
88%
PhilippinesCountryPhilippines
88%
HaitiCapital CityPort-au-Prince
88%
PortugalCountryPortugal
88%
Cape VerdeCapital CityPraia
88%
RomaniaCountryRomania
88%
ItalyCapital CityRome
88%
DominicaCapital CityRoseau
88%
RussiaCountryRussia
88%
RwandaCountryRwanda
88%
Antigua and BarbudaCapital CitySaint John's
88%
SamoaCountrySamoa
88%
Costa RicaCapital CitySan José
88%
San MarinoCapital City | CountrySan Marino
88%
ChileCapital CitySantiago
88%
Dominican RepublicCapital CitySanto Domingo
88%
Saudi ArabiaCountrySaudi Arabia
88%
SenegalCountrySenegal
88%
South KoreaCapital CitySeoul
88%
SeychellesCountrySeychelles
88%
Sierra LeoneCountrySierra Leone
88%
SingaporeCapital City | CountrySingapore
88%
SlovakiaCountrySlovakia
88%
SloveniaCountrySlovenia
88%
Solomon IslandsCountrySolomon Islands
88%
SomaliaCountrySomalia
88%
South KoreaCountrySouth Korea
88%
South SudanCountrySouth Sudan
88%
SpainCountrySpain
88%
Sri LankaCountrySri Lanka
88%
St. Kitts and NevisCountrySt. Kitts and Nevis
88%
St. LuciaCountrySt. Lucia
88%
SwedenCapital CityStockholm
88%
St. Vincent and the GrenadinesCountrySt. Vincent and the Grenadines
88%
SudanCountrySudan
88%
SwedenCountrySweden
88%
SwitzerlandCountrySwitzerland
88%
SyriaCountrySyria
88%
TaiwanCountryTaiwan
88%
TajikistanCountryTajikistan
88%
EstoniaCapital CityTallinn
88%
TanzaniaCountryTanzania
88%
IranCapital CityTehran
88%
ThailandCountryThailand
88%
AlbaniaCapital CityTirana
88%
TogoCountryTogo
88%
JapanCapital CityTokyo
88%
TongaCountryTonga
88%
Trinidad and TobagoCountryTrinidad and Tobago
88%
TurkeyCountryTurkey
88%
TurkmenistanCountryTurkmenistan
88%
TuvaluCountryTuvalu
88%
UgandaCountryUganda
88%
UkraineCountryUkraine
88%
United KingdomCountryUnited Kingdom
88%
United StatesCountryUnited States
88%
UruguayCountryUruguay
88%
UzbekistanCountryUzbekistan
88%
VanuatuCountryVanuatu
88%
Vatican CityCapital City | CountryVatican City
88%
VenezuelaCountryVenezuela
88%
VietnamCountryVietnam
88%
New ZealandCapital CityWellington
88%
CameroonCapital CityYaoundé
88%
YemenCountryYemen
88%
CroatiaCapital CityZagreb
88%
ZambiaCountryZambia
88%
ZimbabweCountryZimbabwe
88%
United Arab EmiratesCapital CityAbu Dhabi
75%
TurkeyCapital CityAnkara
75%
MadagascarCapital CityAntananarivo
75%
EritreaCapital CityAsmara
75%
BruneiCapital CityBandar Seri Begawan
75%
St. Kitts and NevisCapital CityBasseterre
75%
LebanonCapital CityBeirut
75%
BelizeCapital CityBelmopan
75%
Guinea-BissauCapital CityBissau
75%
BotswanaCountryBotswana
75%
SlovakiaCapital CityBratislava
75%
RomaniaCapital CityBucharest
75%
BulgariaCountryBulgaria
75%
St. LuciaCapital CityCastries
75%
SenegalCapital CityDakar
75%
SyriaCapital CityDamascus
75%
BangladeshCapital CityDhaka
75%
QatarCapital CityDoha
75%
IrelandCapital CityDublin
75%
Sierra LeoneCapital CityFreetown
75%
GuyanaCapital CityGeorgetown
75%
BurundiCapital CityGitega
75%
GuatemalaCountryGuatemala
75%
GuatemalaCapital CityGuatemala City
75%
VietnamCapital CityHanoi
75%
PakistanCapital CityIslamabad
75%
South SudanCapital CityJuba
75%
NepalCapital CityKathmandu
75%
SudanCapital CityKhartoum
75%
RwandaCapital CityKigali
75%
JamaicaCapital CityKingston
75%
St. Vincent and the GrenadinesCapital CityKingstown
75%
BoliviaCapital CityLa Paz | Sucre
75%
TogoCapital CityLomé
75%
ZambiaCapital CityLusaka
75%
Equatorial GuineaCapital CityMalabo
75%
MalaysiaCountryMalaysia
75%
BahrainCapital CityManama
75%
EswatiniCapital CityMbabane
75%
BelarusCapital CityMinsk
75%
SomaliaCapital CityMogadishu
75%
ComorosCapital CityMoroni
75%
OmanCapital CityMuscat
75%
KenyaCapital CityNairobi
75%
CyprusCapital CityNicosia
75%
Fed. States of MicronesiaCapital CityPalikir
75%
CambodiaCapital CityPhnom Penh
75%
MontenegroCapital CityPodgorica
75%
PolandCountryPoland
75%
Papua New GuineaCapital CityPort Moresby
75%
BeninCapital CityPorto-Novo | Cotonou
75%
VanuatuCapital CityPort Vila
75%
QatarCountryQatar
75%
EcuadorCapital CityQuito
75%
MoroccoCapital CityRabat
75%
IcelandCapital CityReykjavík
75%
Saudi ArabiaCapital CityRiyadh
75%
GrenadaCapital CitySaint George's
75%
El SalvadorCapital CitySan Salvador
75%
São Tomé and PríncipeCapital CitySão Tomé
75%
São Tomé and PríncipeCountrySão Tomé and Príncipe
75%
SerbiaCountrySerbia
75%
BulgariaCapital CitySofia
75%
South AfricaCountrySouth Africa
75%
SurinameCountrySuriname
75%
FijiCapital CitySuva
75%
TaiwanCapital CityTaipei
75%
HondurasCapital CityTegucigalpa
75%
BhutanCapital CityThimphu
75%
LibyaCapital CityTripoli
75%
TunisiaCapital CityTunis
75%
TunisiaCountryTunisia
75%
United Arab EmiratesCountryUnited Arab Emirates
75%
LiechtensteinCapital CityVaduz
75%
MaltaCapital CityValletta
75%
PolandCapital CityWarsaw
75%
United StatesCapital CityWashington D.C.
75%
NamibiaCapital CityWindhoek
75%
ArmeniaCapital CityYerevan
75%
NigeriaCapital CityAbuja
63%
GhanaCapital CityAccra
63%
JordanCapital CityAmman
63%
SamoaCapital CityApia
63%
TurkmenistanCapital CityAshgabat
63%
KazakhstanCapital CityAstana
63%
ParaguayCapital CityAsunción
63%
MaliCapital CityBamako
63%
Central African RepublicCapital CityBangui
63%
GambiaCapital CityBanjul
63%
KyrgyzstanCapital CityBishkek
63%
MoldovaCapital CityChișinău
63%
East TimorCapital CityDili
63%
South AfricaCapital City
Pretoria | Cape Town |
Bloemfontein
63%
TanzaniaCapital CityDodoma
63%
TajikistanCapital CityDushanbe
63%
BotswanaCapital CityGaborone
63%
ZimbabweCapital CityHarare
63%
Solomon IslandsCapital CityHoniara
63%
UgandaCapital CityKampala
63%
MalaysiaCapital CityKuala Lumpur
63%
GabonCapital CityLibreville
63%
SloveniaCapital CityLjubljana
63%
Marshall IslandsCapital CityMajuro
63%
MaldivesCapital CityMalé
63%
NicaraguaCapital CityManagua
63%
MozambiqueCapital CityMaputo
63%
LesothoCapital CityMaseru
63%
LiberiaCapital CityMonrovia
63%
UruguayCapital CityMontevideo
63%
MyanmarCapital CityNaypyidaw
63%
PalauCapital CityNgerulmud
63%
NigerCapital CityNiamey
63%
Burkina FasoCapital CityOuagadougou
63%
SurinameCapital CityParamaribo
63%
MauritiusCapital CityPort Louis
63%
Trinidad and TobagoCapital CityPort-of-Spain
63%
KosovoCapital CityPristina
63%
North KoreaCapital CityPyongyang
63%
LatviaCapital CityRiga
63%
YemenCapital CitySana'a
63%
North MacedoniaCapital CitySkopje
63%
KiribatiCapital CitySouth Tarawa
63%
Sri LankaCapital CitySri Jayawardenepura Kotte
63%
GeorgiaCapital CityTbilisi
63%
MongoliaCapital CityUlaanbaatar
63%
SeychellesCapital CityVictoria
63%
LaosCapital CityVientiane
63%
LithuaniaCapital CityVilnius
63%
Ivory CoastCapital CityYamoussoukro
63%
NauruCapital CityYaren
63%
GuineaCapital CityConakry
50%
TuvaluCapital CityFunafuti
50%
MalawiCapital CityLilongwe
50%
MauritaniaCapital CityNouakchott
50%
TongaCapital CityNukuʻalofa
50%
UzbekistanCapital CityTashkent
50%

Score Distribution

Percentile by Number Answered

Percent of People with Each Score

Your Score History

You have not taken this quiz